000 00660nam a2200277Ia 4500
005 20260324144946.0
008 008 260324s9999 xx 000 0 eng d
020 _a9781315495255
037 _aEBOOK
040 _aCRL
040 _beng
040 _cCRL
041 _2eng
041 _aeng
084 _qCRL
100 _a Wattel; Harold L. Wattel
_91221241
245 4 _aThe Policy Consequences of John Maynard Keynes
260 _bTaylor and Francis
260 _c1985
365 _a
365 _b215
856 _uhttp://www.taylorfrancis.com/books/9781315495255
942 _cEBOOK
999 _c1828508
_d1828508